Wszystkie gry Super Mario Bros - Statystyki

Ogólne statystyki
  • Ten quiz został rozwiązany 10 razy
  • Średni wynik to 16 z 20
Statystyki odpowiedzi
Konsola Seria % Poprawnych
Nintendo DS New Super Mario Bros
100%
Nintendo 3DS New Super Mario Bros 2
100%
Nintendo 64 Super Mario 64
100%
NES Super Mario Bros
100%
NES Super Mario Bros 2
100%
NES Super Mario Bros 3
100%
Wii U New Super Mario Bros U
86%
Wii New Super Mario Bros Wii
86%
Nintendo 3DS Super Mario 3D Land
86%
Wii U Super Mario 3D World
86%
Wii Super Mario Galaxy
86%
Wii Super Mario Galaxy 2
86%
GameBoy Super Mario Land
86%
SNES Super Mario World
86%
NES Super Mario Bros The Lost Levels
71%
GameBoy Super Mario Land 2
71%
Nintendo Switch Super Mario Odyssey
71%
GameCube Super Mario Sunshine
71%
Nintendo Switch Super Mario Bros Wonder
29%
SNES Super Mario World 2
29%
Nie znaleziono quizów pasujących do podanych kryteriów
Rozkład punktacji
Procent ludzi z każdym wynikiem
Percentyl według liczby udzielonych odpowiedzi
Twoja historia wyników
Nie rozwiązałeś tego quizu